| 000 | 00649 a2200241 4500 | ||
|---|---|---|---|
| 630 | _a62 - Ingenierie. Art de lingenieur. Technologie en general | ||
| 037 | _b1, LP | ||
| 650 | _a6 - SCIENCES APPLIQUEES | ||
| 100 | _aLibman, Jacques | ||
| 260 | _bInstitut National des Sciences et Techniques Nucléaires | ||
| 245 | _aApproche et analyse de la sûreté des réacteurs à eau sous pression | ||
| 300 | _a205p. | ||
| 650 | _aPhysique nucléaire | ||
| 260 | _c1988 | ||
| 300 | _b24 cm | ||
| 100 | _lFr | ||
| 440 | _aEnseignement | ||
| 037 | _aS 7097 | ||
| 440 | _x0767-8282 | ||
| 020 | _a2-7272-0137-0 | ||
| 999 |
_c37872 _d37872 |
||